Estudio integral de productividad en la empresa textilera Zíngara S.A
Gorde:
| Egile nagusia: | |
|---|---|
| Beste egile batzuk: | , |
| Formatua: | Liburua |
| Argitaratua: |
San José, Costa Rica
1994
|
| Gaiak: | |
| Etiketak: |
Etiketa erantsi
Etiketarik gabe, Izan zaitez lehena erregistro honi etiketa jartzen!
|
MARC
| LEADER | 00000nam a2200000Ia 4500 | ||
|---|---|---|---|
| 003 | 007577 | ||
| 005 | 20240208104520.0 | ||
| 008 | 140114s1994 cr a m 000 ||s d | ||
| 040 | |c cru CEDI | ||
| 090 | |a TFG 3227 | ||
| 100 | |a Cruz García, Adrián,1970- |9 2302 | ||
| 245 | |a Estudio integral de productividad en la empresa textilera Zíngara S.A | ||
| 260 | |a San José, Costa Rica |c 1994 | ||
| 300 | |a 237, [119] hojas. | ||
| 500 | |a Proyecto de graduación(licenciatura en administración de negocios)--Universidad de Costa Rica. Facultad de Ciencias Económicas. Escuela de Administración de Negocios Proyecto de graduación (licenciatura en ingeniería industrial)--Universidad de Costa Rica. Facultad de Ingeniería. Escuela de Ingeniería Industrial | ||
| 501 | |a Directora de Proyecto de Graduación: Ing. Elizabeth Coto Chinchilla | ||
| 650 | |x ZINGARA (COSTA RICA) - ADMINISTRACION |9 10962 | ||
| 700 | |a Ugalde Binda, Nadia,1963- |9 2303 | ||
| 700 | |a Coto Chinchilla, Elizabeth, 1953- |d Directora del TFG |9 2266 | ||
| 942 | |c TFG |h TFG 3227 |i 007577 |6 TFG_3227_007577000000000 | ||
| 999 | |c 19486 |d 19486 | ||
